000 00493nam a22001697a 4500
005 20231106084221.0
008 231106b |||||||| |||| 00| 0 eng d
020 _a040901544
041 _aEnglish / Afrikaans
082 _a346.6 CIL
100 _lEnglish / Afrikaans
245 _aCompany Law Service
260 _aDurban :
_bButterworth Publishers (Pty) Ltd,
_c1989
300 _b484 pages ;
_c26 cm.
650 _aLegal practice
_bLaw
942 _cBK
_6ALISON_BN_VRIES
999 _c296
_d296